000 00859nam a2200241 a 4500
001 BRCA_4342
005 20190320204632.0
008 021208s1960----sp-a---###---#000-0#spa-u
041 _aspa
044 _asp
050 4 _aPQ6338
_b.V56 2
_c1960
100 1 _aVindel, Francisco
_911107
245 1 0 _a2a. [i.e. Segunda] Cervantina (26 de abril 1960)
_bDon Quijote en la imprenta de Sancha ; Don Quijote en la canonización de San Luis Gonzaga y San Estanislao de Kostka en Salamanca, 1726 ; Don Quijote en Inglaterra
_cFrancisco Vindel.
260 _aMadrid
_bFrancisco Vindel
_c1960
300 _a32 p.
_bil.
_c25 cm.
500 _aEjemplar numerado 196 de 225
500 _aEjemplar igual a AA41
500 _aDD57
600 1 4 _aCervantes Saavedra, Miguel de
_d1547-1616
_vBibliografía
_97606
740 0 _aDon Quijote
902 _aGFM
942 _2lcc
_cB
999 _c4053
_d4053